| 000 | 00406cam a2200157ua 4500 | ||
|---|---|---|---|
| 041 |
_amal _h |
||
| 082 |
_a894.8122 _bKRI/AN |
||
| 100 | _aKrishna Pillai, N . | ||
| 245 |
_aAnuranjanam / _cN Krishna pillai. _hTextual Documents |
||
| 250 |
_a1 / _b. |
||
| 260 |
_aKottayam : _bSahitya Pravarthaka Co-operative Society , _c1963. |
||
| 300 | _a105 ; . | ||
| 504 | _a | ||
| 942 | _cBK | ||
| 999 |
_c12753 _d12753 |
||